How to Sketch With watercolour (Record no. 241251)

MARC details
000 -LEADER
fixed length control field 00312pam a2200133 a 4500
020 ## - INTERNATIONAL STANDARD BOOK NUMBER
Terms of availability
041 ## - LANGUAGE CODE
Language code of original
082 ## - DEWEY DECIMAL CLASSIFICATION NUMBER
Classification number 751.422
Item number BEC
100 ## - MAIN ENTRY--PERSONAL NAME
Personal name David R. Becker .
245 ## - TITLE STATEMENT
Title How to Sketch With watercolour
Medium Textual Documents
260 ## - PUBLICATION, DISTRIBUTION, ETC.
Place of publication, distribution, etc. Bombay
Name of publisher, distributor, etc. North Light Books
300 ## - PHYSICAL DESCRIPTION
Extent 90:
Other physical details paper.
930 ## - EQUIVALENCE OR CROSS-REFERENCE-UNIFORM TITLE HEADING [LOCAL, CANADA]
Uniform title 7461
Holdings
Withdrawn status Lost status Damaged status Not for loan Collection Home library Current library Date acquired Source of acquisition Cost, normal purchase price Total Checkouts Full call number Barcode Date last seen Copy number Price effective from Koha item type
          College of Fine Arts, Pune College of Fine Arts, Pune 26/02/2016 Bhararti Sahakari Grahak Bhandar 1550.00   751.422 BEC FAP-8118 07/03/2023 1 07/03/2023 Book